|
|
|
|
| LEADER |
00000cam a2200000 i 4500 |
| 003 |
Ucuenca |
| 005 |
20240112062707.0 |
| 006 |
a||||fr|||| 001||| |
| 007 |
ta |
| 008 |
971081t19691969sp aaaafr|||| 001|||spa|a |
| 040 |
|
|
|b spa
|a UCuenca-cdrjbv
|c UCuenca
|e rda
|
| 041 |
0 |
|
|a spa
|
| 082 |
0 |
|
|a 611
|2 22
|c 14261
|
| 100 |
1 |
|
|a Yerena, Jesús.
|e autor
|9 85688
|
| 245 |
0 |
0 |
|a Atlas de disección por regiones /
|c Jesús Yerena y Luis Plaza Izquierdo
|
| 250 |
|
|
|a Primera edición
|
| 264 |
|
|
|a Barcelona:
|b Salvat,
|c 1969.
|
| 300 |
|
|
|a 222 páginas:
|b ilu
|c 28 cm
|
| 336 |
|
|
|2 rdacontent
|a texto
|b txt
|
| 337 |
|
|
|2 rdamedia
|a no mediado
|b n
|
| 338 |
|
|
|2 rdacarrier
|a volumen
|b nc
|
| 504 |
|
|
|a incl. ref.
|
| 520 |
3 |
|
|a Contiene regiones: miembro superior; torax y dorso; abdomen y pelvis; miembro inferior; cuello y cabeza. Procedimientos y técnicas más usados en la preparación de piezas para museos, apén: bibliografía y términos latinos más utilizadosdices
|
| 650 |
1 |
7 |
|2 UCuenca-cdrjbv
|a Anatomía
|9 4548
|
| 650 |
1 |
7 |
|2 UCuenca-cdrjbv
|a Cuello
|9 84690
|
| 650 |
1 |
7 |
|a Abdomen
|9 73803
|
| 700 |
1 |
|
|a Plaza Izquierdo, Luis.
|e autor
|9 85689
|
| 852 |
|
|
|a UC-SALUD
|f Donación
|l 1
|m Limitada
|p 19710818
|q S/. 300
|t 14261
|b 1
|d CDRS
|e CDRS
|g 611.022 ESTANTERIA ABIERTA
|z 1971-10-81
|
| 942 |
|
|
|c BK
|2 ddc
|r daniel.carrión@ucuenca.edu.ec
|
| 999 |
|
|
|c 51521
|d 51521
|